Patel and Another v Hooper and Jackson (a firm) (Record no. 60360)

MARC details
000 -LEADER
fixed length control field 01390cam a2200253 4500
001 - CONTROL NUMBER
control field ABS61445
008 - FIXED-LENGTH DATA ELEMENTS--GENERAL INFORMATION
fixed length control field 000000n1999 000 0 eng u
035 ## - SYSTEM CONTROL NUMBER
System control number (Sirsi) u101198
245 ## - TITLE STATEMENT
Title Patel and Another v Hooper and Jackson (a firm)
260 ## - PUBLICATION, DISTRIBUTION, ETC.
Date of publication, distribution, etc. 1999
490 ## - SERIES STATEMENT
Series statement Weekly Law Reports
Volume/sequential designation [1999] 1WLR 1792-1806(15)
520 ## - SUMMARY, ETC.
Summary, etc. CA 10 November 1998. In 1988 the plaintiffs wre offered a loan of £83,000 by a building society towards the purchase of a property for £95,000. The defendants were instructed by the building society to provide a housebuyers report and valuation. The property was purchased in reliance on the report, but subsequently found to be uninhabitable. In 1993 the plaintiffs issued proceedings for negligent overvaluation of the property. They were unable to sell the property and incurring costs of rented accommodation. Whether plaintiffs entitled to indemnity for past and future mortgage interest payments. Whether entitled to damages for discomfort of living in rented housing.
590 ## - LOCAL NOTE (RLIN)
Local note ABS
650 ## - SUBJECT ADDED ENTRY--TOPICAL TERM
Topical term or geographic name entry element PATEL AND ANOTHER V HOOPER & JACKSON
650 ## - SUBJECT ADDED ENTRY--TOPICAL TERM
Topical term or geographic name entry element DAMAGES
650 ## - SUBJECT ADDED ENTRY--TOPICAL TERM
Topical term or geographic name entry element MEASURE OF DAMAGES
650 ## - SUBJECT ADDED ENTRY--TOPICAL TERM
Topical term or geographic name entry element SURVEYORS
650 ## - SUBJECT ADDED ENTRY--TOPICAL TERM
Topical term or geographic name entry element OVERVALUATION
650 ## - SUBJECT ADDED ENTRY--TOPICAL TERM
Topical term or geographic name entry element NEGLIGENCE
650 ## - SUBJECT ADDED ENTRY--TOPICAL TERM
Topical term or geographic name entry element RICS HOMEBUYER SURVEY AND VALUATION
650 ## - SUBJECT ADDED ENTRY--TOPICAL TERM
Topical term or geographic name entry element MORTGAGE PAYMENTS
690 ## - LOCAL SUBJECT ADDED ENTRY--TOPICAL TERM (OCLC, RLIN)
Topical term or geographic name as entry element MANAGEMENT-BUSINESS MANAGEMENT-PROFESSIONAL PRACTICE
942 ## - ADDED ENTRY ELEMENTS (KOHA)
Suppress in OPAC 0
Holdings
Withdrawn status Lost status Source of classification or shelving scheme Damaged status Not for loan Home library Current library Shelving location Date acquired Total Checkouts Full call number Barcode Date last seen Copy number Price effective from Koha item type
    Dewey Decimal Classification     London London Journal article 02/11/1999   ABS61445 101198-1001 06/08/2019 1 06/08/2019 Law report